Name the Building - Statistics

General Stats
  • This quiz has been taken 5 times
  • The average score is 7 of 16
Answer Stats
Picture Answer % Correct
Petronas Towers
100%
St Paul's Cathedral
80%
Sydney Opera House
80%
Fallingwater
60%
Neuschwanstein Castle
60%
Potala Palace
60%
Alhambra
40%
Borobudur
40%
El Castillo
40%
Lotus Temple
40%
Habitat 67
20%
Himeji Castle
20%
St Mark's Basilica
20%
Cathedral of Brasília
0%
Church of Saint George
0%
Ponte City
0%
No matching quizzes found
Score Distribution
Percent of People with Each Score
Percentile by Number Answered
Your Score History
You have not taken this quiz